Southville International School and Colleges
Your cart is empty.
  • Cart
  • Lists
    Public lists Eva Luna New books Lux_list list_1
    Your lists Log in to create your own lists
  • Log in to your account
  • Your cookies
  • Search history
Southville International School and Colleges
  • Advanced search
  • Recent comments
  • Most popular
  • Libraries

Log in to your account

Log in with GOOGLE


If you do not have an external account, but do have a local account, you can still log in:

  1. Home
  2. MARC view: The ultimate CSS reference /
Normal view MARC view ISBD view

The ultimate CSS reference / (Record no. 298044)

[ view plain ]
MARC details
000 -LEADER
fixed length control field 00814nam a22001937a 4500
003 - CONTROL NUMBER IDENTIFIER
control field SISC
005 - DATE AND TIME OF LATEST TRANSACTION
control field 20160725123317.0
008 - FIXED-LENGTH DATA ELEMENTS--GENERAL INFORMATION
fixed length control field 160725b xxu||||| |||| 00| 0 eng d
020 ## - INTERNATIONAL STANDARD BOOK NUMBER
International Standard Book Number 978098028
050 ## - LIBRARY OF CONGRESS CALL NUMBER
Classification number TK 5105.888 Ol52 2008
245 ## - TITLE STATEMENT
Title The ultimate CSS reference /
Statement of responsibility, etc Tommy Olsson & Paul O'Brien.
250 ## - EDITION STATEMENT
Edition statement 1st ed.
260 ## - PUBLICATION, DISTRIBUTION, ETC. (IMPRINT)
Place of publication, distribution, etc Collingwood, Vic. :
Name of publisher, distributor, etc Sitepoint,
Date of publication, distribution, etc c2008.
300 ## - PHYSICAL DESCRIPTION
Extent xiv, 420 p. :
Other physical details col. ill. ;
Dimensions 24 cm.
520 ## - SUMMARY, ETC.
Summary, etc A first reference book will be simultaneously released online and in print in order to get publicity, user buy-in, and interaction. A well thought out presentation and organization of the book will ensure that the information is as quick to access, and easy to scan.
650 ## - SUBJECT ADDED ENTRY--TOPICAL TERM
Topical term or geographic name as entry element Cascading style sheets.
700 ## - ADDED ENTRY--PERSONAL NAME
Personal name O'Brien, Paul.
942 ## - ADDED ENTRY ELEMENTS (KOHA)
Source of classification or shelving scheme Library of Congress Classification
Koha item type Books

No items available.

The ultimate CSS reference /

APA

O'Brien P., . (2008). The ultimate CSS reference. Collingwood, Vic: Sitepoint.

Chicago

O'Brien Paul, . 2008. The ultimate CSS reference. Collingwood, Vic: Sitepoint.

Harvard

O'Brien P., . (2008). The ultimate CSS reference. Collingwood, Vic: Sitepoint.

MLA

O'Brien Paul, . The ultimate CSS reference. Collingwood, Vic: Sitepoint. 2008.

  • Print
  • Cite
  • Add to your cart (remove)
  • Save record
    BIBTEX Dublin Core MARCXML MARC (non-Unicode/MARC-8) MARC (Unicode/UTF-8) MARC (Unicode/UTF-8, Standard) MODS (XML) RIS
  • More searches
    Search for this title in:
    Other Libraries (WorldCat) Other Databases (Google Scholar) Online Stores (Bookfinder.com) Open Library (openlibrary.org)

Exporting to Dublin Core...

SOUTHVILLE LIBRARY

Southville International School and Colleges Library

1281 Tropical Ave. Cor. Luxembourg St., BF Homes International, Las Pinas City

Tel. No. 8256374 / 252358 Loc. 117/146

Powered by Koha